000 00434nam a2200157Ia 4500
008 240729s9999 xx 000 0 und d
022 _a2666-7657
245 0 _aEnvironmental Advances
260 _aUnited Kingdom
260 _bElsevier
650 _a Environmental sciences
650 _aGeography. Anthropology. Recreation
856 _uhttps://doaj.org/toc/5750913518f84a8786b4492edf3827eb
942 _2ddc
942 _cDOAJEJ
999 _c66504
_d66504
945 _a1
_bMadushi Gamage
_c1
_dMadushi Gamage